Cambridge IGCSE® combined and Co-ordinated sciences coursebook with CD-Rom / (Record no. 5759)
[ view plain ]
| 000 -LEADER | |
|---|---|
| fixed length control field | 01700nam a22002177a 4500 |
| 001 - CONTROL NUMBER | |
| control field | 5759 |
| 003 - CONTROL NUMBER IDENTIFIER | |
| control field | FISKH |
| 005 - DATE AND TIME OF LATEST TRANSACTION | |
| control field | 20250120163932.0 |
| 008 - FIXED-LENGTH DATA ELEMENTS--GENERAL INFORMATION | |
| fixed length control field | 250120b cb ||||| |||| 00| 0 eng d |
| 020 ## - INTERNATIONAL STANDARD BOOK NUMBER | |
| International Standard Book Number | 9781316631010 |
| 040 ## - CATALOGING SOURCE | |
| Original cataloging agency | FISKH |
| Language of cataloging | eng |
| Transcribing agency | FISKH |
| Modifying agency | FISKH |
| 082 ## - DEWEY DECIMAL CLASSIFICATION NUMBER | |
| Classification number | 507.6 |
| 100 ## - MAIN ENTRY--PERSONAL NAME | |
| Personal name | Jones, Mary |
| 245 ## - TITLE STATEMENT | |
| Title | Cambridge IGCSE® combined and Co-ordinated sciences coursebook with CD-Rom / |
| Statement of responsibility, etc. | By Mary Jones, Richard Harwood , Ian Lodge and David Sang |
| 260 ## - PUBLICATION, DISTRIBUTION, ETC. | |
| Place of publication, distribution, etc. | Cambridge : |
| Name of publisher, distributor, etc. | Cambridge University Press ; |
| Date of publication, distribution, etc. | 2017 . |
| 300 ## - PHYSICAL DESCRIPTION | |
| Extent | 665 pages : |
| Other physical details | color illustrations ; |
| Dimensions | 28 cm . |
| 520 ## - SUMMARY, ETC. | |
| Summary, etc. | The Cambridge IGCSE® Combined and Co-ordinated Sciences series is tailored to the 0653 and 0654 syllabuses for first examination in 2019, and all components of the series are endorsed by Cambridge International Examinations. Cambridge IGCSE® Combined and Co-ordinated Sciences Coursebook is tailored to the 0653 and 0654 syllabuses for first examination in 2019 and is endorsed for full syllabus coverage by Cambridge International Examinations. This interdisciplinary coursebook comprehensively covers the knowledge and skills required in these courses, with the different syllabuses clearly identified. Engaging activities in every chapter help students develop practical and investigative skills while end-of-chapter questions help to track their progress. The accompanying CD-ROM contains self-assessment checklists for making drawings, constructing and completing results tables, drawing graphs and designing experiments; answers to all the end-of-chapter questions and auto-marked multiple-choice self tests. |
| 700 ## - ADDED ENTRY--PERSONAL NAME | |
| Personal name | Harwood, Richard |
| Relator term | author |
| 942 ## - ADDED ENTRY ELEMENTS (KOHA) | |
| Source of classification or shelving scheme | Dewey Decimal Classification |
| Koha item type | Books |
| Suppress in OPAC | No |
| Withdrawn status | Lost status | Source of classification or shelving scheme | Damaged status | Not for loan | Collection | Home library | Current library | Shelving location | Date acquired | Total Checkouts | Full call number | Barcode | Date last seen | Price effective from | Koha item type |
|---|---|---|---|---|---|---|---|---|---|---|---|---|---|---|---|
| Dewey Decimal Classification | Non-Fiction | Footprints International School Library Network Toul Kork Campus | Footprints International School Library Network Toul Kork Campus | TTP Secondary Non-Fiction Bookshelves | 01/20/2025 | JON 507.6 | 2025-0054 | 01/20/2025 | 01/20/2025 | Books |
